| 000 | 00909cab a2200241 4500 | ||
|---|---|---|---|
| 001 | ABS61054 | ||
| 008 | 090401t1999 xxu||||| |||| 00| 0 eng d | ||
| 035 | _a(Sirsi) u89 | ||
| 041 | _aeng | ||
| 100 | _aWinter, J. | ||
| 245 | _aArbitration is not strictly confidential. | ||
| 260 | _c1999 | ||
| 350 | _a0 | ||
| 490 |
_aConstruction News _v(6627) 5 August 1999, 13(1) |
||
| 520 | _aDiscusses confidentiality in arbitration proceedings and the exception to the rule as identified in "Ali Shipping v Shipyard Trogir" 1998 | ||
| 650 | _aALI SHIPPING V SHIPYARD TROGIR | ||
| 650 | _aARBITRATION ACT 1996 | ||
| 650 | _aMANAGEMENT-DISPUTE AVOIDANCE, MANAGEMENT AND RESOLUTION-DISPUTE MANAGEMENT AND RESOLUTION-ARBITRATION | ||
| 650 | _aCONFIDENTIALITY | ||
| 690 | _aMANAGEMENT-DISPUTE AVOIDANCE, MANAGEMENT AND RESOLUTION-DISPUTE MANAGEMENT AND RESOLUTION-ARBITRATION | ||
| 942 | _n0 | ||
| 948 | _c01/09/1999 | ||
| 999 |
_c30 _d30 |
||